[Event "ENCI Limburg-open B"]
[Site "Maastricht"]
[Date "2009.05.31"]
[Round "4"]
[White "Vereggen, Lars"]
[Black "Blijlevens, Pim"]
[Result "0-1"]
[WhiteElo "1779"]
[BlackElo "1941"]
[PlyCount "74"]
[EventDate "2009.05.29"]
[EventType "swiss"]
[EventRounds "7"]
[EventCountry "NED"]
[Source "P.Boonen"]
[SourceDate "2010.01.01"]

1. e4 e5 2. Nf3 Nc6 3. d4 exd4 4. Nxd4 Bc5 5. Be3 Qf6 6. Nb5 Bxe3 7. fxe3 Qh4+
8. Kd2 Qd8 9. N1c3 a6 10. Nd4 Ne5 11. Nf3 d6 12. Bd3 Nf6 13. Qe2 b5 14. Rad1 c5
15. Kc1 Qa5 16. Kb1 c4 17. Nxe5 dxe5 18. Bxc4 Bg4 19. Bxb5+ axb5 20. Qxb5+ Qxb5
21. Nxb5 Bxd1 22. Nc7+ Ke7 23. Nxa8 Bxc2+ 24. Kxc2 Rxa8 25. a3 Nxe4 26. Ra1 Rd8
27. a4 Rd2+ 28. Kb3 Rd3+ 29. Kc4 Rxe3 30. a5 Nd6+ 31. Kc5 Rb3 32. a6 Nb5 33. a7
Nc7 34. Kc6 Na8 35. Ra5 f6 36. Rd5 Rb6+ 37. Kc5 Rxb2 0-1

[Event "ENCI Limburg-open B"]
[Site "Maastricht"]
[Date "2009.05.31"]
[Round "4"]
[White "Whitmire, James David"]
[Black "Hendriks, Nicklas"]
[Result "0-1"]
[WhiteElo "1831"]
[BlackElo "1650"]
[PlyCount "120"]
[EventDate "2009.05.29"]
[EventType "swiss"]
[EventRounds "7"]
[EventCountry "NED"]
[Source "P.Boonen"]
[SourceDate "2010.01.01"]

1. e4 e5 2. d4 exd4 3. Qxd4 Nc6 4. Qe3 Nf6 5. e5 Nd5 6. Qe4 Nb6 7. Nc3 Bb4 8.
Bd2 O-O 9. O-O-O f5 10. exf6 d5 11. Nxd5 Qxd5 12. Qxd5+ Nxd5 13. Bc4 Be6 14.
Bxb4 Ncxb4 15. a3 Rxf6 16. axb4 Nxb4 17. Bxe6+ Rxe6 18. Nf3 Re2 19. c3 Nc6 20.
Nd4 Nxd4 21. Rxd4 Rxf2 22. Rd7 Rf7 23. Rhd1 Raf8 24. g4 g6 25. h4 Rxd7 26. Rxd7
Rf7 27. Rd8+ Kg7 28. Ra8 a6 29. Ra7 c6 30. Kc2 Kf6 31. Kd3 Ke5 32. Ke3 Kd5 33.
Kd3 Kc5 34. Ra8 Rf3+ 35. Ke4 Rh3 36. h5 gxh5 37. g5 Rg3 38. Kf4 Rg2 39. Kf3
Rxg5 40. Rh8 Rg7 41. Rf8 Kc4 42. Rf5 Kb3 43. Rxh5 Kxb2 44. c4 Kb3 45. c5 a5 46.
Ke4 a4 47. Rh3+ Kc4 48. Rh5 a3 49. Ke5 a2 50. Rh4+ Kb5 51. Kd6 a1=R 52. Re4
Rd1+ 53. Ke6 Kxc5 54. Re5+ Rd5 55. Re4 Rgd7 56. Kf6 b5 57. Ke6 b4 58. Kf6 b3
59. Ke6 b2 60. Rh4 b1=R 0-1

[Event "ENCI Limburg-open B"]
[Site "Maastricht"]
[Date "2009.05.31"]
[Round "4"]
[White "Willen, Ronny"]
[Black "Hendrickx, Arthur"]
[Result "1-0"]
[WhiteElo "1903"]
[BlackElo "1797"]
[PlyCount "67"]
[EventDate "2009.05.29"]
[EventType "swiss"]
[EventRounds "7"]
[EventCountry "NED"]
[Source "P.Boonen"]
[SourceDate "2010.01.01"]

1. e4 c5 2. Nc3 Nc6 3. g3 d6 4. Bg2 g6 5. d3 Bg7 6. f4 h5 7. h3 Qa5 8. Bd2 Nf6
9. Nf3 Bd7 10. O-O Qb6 11. Kh2 Qxb2 12. Rb1 Qa3 13. Nb5 Qxa2 14. Nc7+ Kd8 15.
Nxa8 Qa6 16. Ra1 Ng4+ 17. hxg4 hxg4+ 18. Nh4 Bxa1 19. Qxa1 Qxa1 20. Rxa1 Kc8
21. e5 Kb8 22. exd6 exd6 23. Bd5 Be8 24. Bc3 Rf8 25. Bg7 Rg8 26. Bf6 Kxa8 27.
c3 Kb8 28. Ng2 a6 29. Ne3 Bd7 30. Kg2 Re8 31. Kf2 Kc7 32. Bxf7 Rf8 33. Bxg6
Rxf6 34. Nd5+ 1-0

[Event "ENCI Limburg-open B"]
[Site "Maastricht"]
[Date "2009.05.31"]
[Round "4"]
[White "Wissink, Sander"]
[Black "Scholzen, Wolfgang"]
[Result "1-0"]
[WhiteElo "1945"]
[BlackElo "2028"]
[PlyCount "95"]
[EventDate "2009.05.29"]
[EventType "swiss"]
[EventRounds "7"]
[EventCountry "NED"]
[Source "P.Boonen"]
[SourceDate "2010.01.01"]

1. e4 e5 2. Nf3 Nc6 3. Bb5 a6 4. Ba4 Nf6 5. O-O b5 6. Bb3 Be7 7. Re1 d6 8. c3
O-O 9. h3 Na5 10. Bc2 c5 11. d4 Qc7 12. Nbd2 Bb7 13. Nf1 cxd4 14. cxd4 Rac8 15.
Bb1 d5 16. dxe5 Nxe4 17. N1d2 Nxd2 18. Bxd2 Nc4 19. Bc3 Bc5 20. Bf5 Qb6 21. Re2
Rcd8 22. Bd4 Bxd4 23. Qxd4 Qxd4 24. Nxd4 g6 25. Bd3 Rfe8 26. f4 Rc8 27. b4 Nb6
28. Nb3 Na4 29. Rae1 Rc3 30. Rd2 f6 31. Kf2 fxe5 32. Rxe5 Rxe5 33. fxe5 Kf7 34.
Ke3 Rc7 35. Kd4 Ke6 36. Rf2 Rf7 37. Rxf7 Kxf7 38. Be2 h5 39. h4 Bc8 40. Bd3 Nb2
41. Nc5 Nc4 42. g3 Nb6 43. Be2 Na4 44. Bf3 Nxc5 45. bxc5 b4 46. Bxd5+ Ke7 47.
c6 a5 48. Kc5 1-0

[Event "ENCI Limburg-open B"]
[Site "Maastricht"]
[Date "2009.05.31"]
[Round "5"]
[White "Andriulevicius, Orestas"]
[Black "Carcan, Stephane"]
[Result "0-1"]
[WhiteElo "1772"]
[BlackElo "2022"]
[PlyCount "104"]
[EventDate "2009.05.29"]
[EventType "swiss"]
[EventRounds "7"]
[EventCountry "NED"]
[Source "P.Boonen"]
[SourceDate "2010.01.01"]

1. e4 g6 2. d4 Bg7 3. Nc3 c6 4. Bc4 d5 5. exd5 b5 6. Bb3 b4 7. Ne4 cxd5 8. Nc5
Nf6 9. Ne2 O-O 10. O-O Nbd7 11. Nxd7 Bxd7 12. Nf4 e6 13. Nd3 Ne4 14. Be3 a5 15.
a3 a4 16. Ba2 bxa3 17. bxa3 Nc3 18. Qd2 Nxa2 19. Rxa2 Bb5 20. Rb1 Bxd3 21. Qxd3
Qc7 22. Rb4 Rfb8 23. Rab2 Bf8 24. Rxb8 Rxb8 25. Bc1 Rc8 26. h3 Qc3 27. Qxc3
Rxc3 28. Rb8 Kg7 29. Bf4 Be7 30. Be5+ Bf6 31. Bd6 Bxd4 32. Rb4 Rc4 33. Rxc4
dxc4 34. Kf1 Kf6 35. Ke2 Kf5 36. Kf3 e5 37. Be7 e4+ 38. Ke2 Ke6 39. Bb4 Kd5 40.
Bd2 Bc5 41. Bc1 f5 42. Bb2 c3 43. Bc1 Be7 44. f4 h5 45. Ke3 Bd6 46. Kf2 Bc5+
47. Kf1 e3 48. Ke2 Ke4 49. g3 Bb6 50. Kf1 Kf3 51. Ke1 Bc5 52. Kf1 e2+ 0-1

[Event "ENCI Limburg-open B"]
[Site "Maastricht"]
[Date "2009.05.31"]
[Round "5"]
[White "Beeren, Thom"]
[Black "Geboers, Jimmy"]
[Result "0-1"]
[WhiteElo "1807"]
[BlackElo "1950"]
[PlyCount "96"]
[EventDate "2009.05.29"]
[EventType "swiss"]
[EventRounds "7"]
[EventCountry "NED"]
[Source "P.Boonen"]
[SourceDate "2010.01.01"]

1. e4 e6 2. d4 d5 3. exd5 exd5 4. c4 c6 5. Nc3 Bb4 6. Nf3 Nf6 7. Bg5 Qa5 8. Qb3
Ne4 9. Bd2 Nxd2 10. Nxd2 Be6 11. a3 Bxc3 12. bxc3 Qc7 13. Rb1 b6 14. cxd5 Bxd5
15. c4 Be6 16. Qg3 Qxg3 17. hxg3 Nd7 18. Bd3 Nf6 19. Nf3 O-O-O 20. O-O Kc7 21.
Rfc1 Bg4 22. d5 Bxf3 23. gxf3 cxd5 24. cxd5+ Kb8 25. Be4 Nxd5 26. Rb3 Nf6 27.
Bc6 Rc8 28. Rbc3 a6 29. a4 Rc7 30. Rb1 Ka7 31. Rbc1 Rhc8 32. Rc4 Ne8 33. Kf1
Nd6 34. R4c2 b5 35. axb5 axb5 36. Be4 Rxc2 37. Rxc2 Rxc2 38. Bxc2 h6 39. Ke2
Kb6 40. Kd2 Kc5 41. Kc3 b4+ 42. Kb3 g5 43. g4 Nb5 44. Bd1 Nd4+ 45. Kb2 Kc4 46.
Kb1 Kc3 47. Kc1 b3 48. Kb1 Kd2 0-1

[Event "ENCI Limburg-open B"]
[Site "Maastricht"]
[Date "2009.05.31"]
[Round "5"]
[White "Bieberle, Gerhardt"]
[Black "Titgemeyer, Thomas"]
[Result "1/2-1/2"]
[WhiteElo "1742"]
[BlackElo "1799"]
[PlyCount "89"]
[EventDate "2009.05.29"]
[EventType "swiss"]
[EventRounds "7"]
[EventCountry "NED"]
[Source "P.Boonen"]
[SourceDate "2010.01.01"]

1. d4 d5 2. e3 Nf6 3. c4 e6 4. a3 a6 5. Nf3 dxc4 6. Bxc4 b5 7. Be2 c5 8. O-O
cxd4 9. Nxd4 Bb7 10. Bd2 Be7 11. Bc3 O-O 12. Nd2 Qb6 13. b4 Rd8 14. Qc2 Nbd7
15. N4f3 Rac8 16. Qb2 Qc6 17. Rac1 Qd5 18. Rfd1 Qh5 19. Nf1 Nb6 20. Bd4 Na4 21.
Qa1 Qh6 22. Rxc8 Bxc8 23. Rc1 Nd5 24. Bd1 Bf6 25. Bxf6 Qxf6 26. Qxf6 gxf6 27.
Bxa4 bxa4 28. N1d2 Bd7 29. g3 Rc8 30. Rxc8+ Bxc8 31. Kf1 Bd7 32. Ke1 Nc3 33.
Nd4 e5 34. Ne2 Nb5 35. Ne4 Bc6 36. Nxf6+ Kg7 37. Ng4 f6 38. f4 exf4 39. Nd4 Bd7
40. Nxb5 axb5 41. Nf2 fxg3 42. hxg3 Kg6 43. Kd2 Kf5 44. Kd3 Ke5 45. Kc3 1/2-1/2

[Event "ENCI Limburg-open B"]
[Site "Maastricht"]
[Date "2009.05.31"]
[Round "5"]
[White "Bitalzadeh, Mahsa"]
[Black "Smeets, Wouter"]
[Result "1-0"]
[WhiteElo "1761"]
[BlackElo "1877"]
[PlyCount "71"]
[EventDate "2009.05.29"]
[EventType "swiss"]
[EventRounds "7"]
[EventCountry "NED"]
[Source "P.Boonen"]
[SourceDate "2010.01.01"]

1. e4 d5 2. exd5 Qxd5 3. Nc3 Qa5 4. d4 Nf6 5. Nf3 c6 6. Bf4 Bf5 7. Bd3 e6 8.
O-O Bb4 9. Ne2 Nbd7 10. c3 Bxd3 11. Qxd3 Be7 12. b4 Qd8 13. a4 O-O 14. Nd2 Nh5
15. Ne4 Nxf4 16. Nxf4 e5 17. dxe5 Nxe5 18. Qe2 Ng6 19. Nxg6 fxg6 20. Rad1 Qc7
21. Rd3 Rad8 22. Rh3 Qd7 23. Re1 Rfe8 24. Re3 Kf7 25. h3 h6 26. Kf1 b6 27. g4
g5 28. Qf3+ Kg8 29. Qg3 Rf8 30. Qe5 Rde8 31. Qg3 Rd8 32. Qg2 Rde8 33. f3 Bd8
34. Qe2 Kh8 35. Rd1 Qf7 36. Nd6 1-0

[Event "ENCI Limburg-open B"]
[Site "Maastricht"]
[Date "2009.05.31"]
[Round "5"]
[White "Broekmeulen, Joris"]
[Black "Probst, Patrick"]
[Result "1/2-1/2"]
[WhiteElo "1931"]
[BlackElo "1985"]
[PlyCount "59"]
[EventDate "2009.05.29"]
[EventType "swiss"]
[EventRounds "7"]
[EventCountry "NED"]
[Source "P.Boonen"]
[SourceDate "2010.01.01"]

1. e4 e5 2. Nf3 Nc6 3. Bc4 Be7 4. d3 Nf6 5. Nc3 O-O 6. Bg5 d6 7. h3 Na5 8. Bb3
c6 9. O-O Nh5 10. Be3 g6 11. d4 Qc7 12. dxe5 dxe5 13. Qe2 b5 14. Nd2 Nf4 15.
Bxf4 exf4 16. Nf3 Bf6 17. Rfe1 Be5 18. Nxe5 Qxe5 19. f3 Re8 20. Qf2 Rd8 21.
Rad1 Be6 22. Rxd8+ Rxd8 23. Rd1 Rxd1+ 24. Nxd1 c5 25. Bxe6 fxe6 26. Qd2 Nc4 27.
Qd8+ Kg7 28. Qe7+ Kh6 29. Qh4+ Kg7 30. Qe7+ 1/2-1/2

[Event "ENCI Limburg-open B"]
[Site "Maastricht"]
[Date "2009.05.31"]
[Round "5"]
[White "Dalemans, Diana"]
[Black "Klein, Leo"]
[Result "1-0"]
[WhiteElo "1852"]
[BlackElo "2037"]
[PlyCount "56"]
[EventDate "2009.05.29"]
[EventType "swiss"]
[EventRounds "7"]
[EventCountry "NED"]
[Source "P.Boonen"]
[SourceDate "2010.01.01"]

1. e4 d6 2. d4 Nf6 3. Nc3 c6 4. Nf3 Bg4 5. Be2 Nbd7 6. Be3 Qc7 7. Qd2 e5 8. h3
Bh5 9. O-O Be7 10. b4 a6 11. a4 d5 12. exd5 Bxb4 13. dxe5 Nxe5 14. Nxe5 Bxe2
15. Qxe2 Bxc3 16. Bf4 Qe7 17. d6 Qe6 18. Ra3 Nd5 19. Bg3 O-O-O 20. Qg4 f5 21.
Qxg7 Rhg8 22. d7+ Rxd7 23. Qxd7+ Qxd7 24. Nxd7 Kxd7 25. Rd1 Bb4 26. Rb3 Ke6 27.
c4 a5 28. cxd5+ cxd5 1-0

[Event "ENCI Limburg-open B"]
[Site "Maastricht"]
[Date "2009.05.31"]
[Round "5"]
[White "De Ridder, Dieter"]
[Black "Obels, Pepijn"]
[Result "1-0"]
[WhiteElo "1882"]
[BlackElo "1813"]
[PlyCount "57"]
[EventDate "2009.05.29"]
[EventType "swiss"]
[EventRounds "7"]
[EventCountry "NED"]
[Source "P.Boonen"]
[SourceDate "2010.01.01"]

1. e4 c5 2. Nf3 d6 3. d4 cxd4 4. Nxd4 Nf6 5. Nc3 g6 6. Be3 a6 7. f3 b5 8. Qd2
Bb7 9. O-O-O Nbd7 10. g4 Nb6 11. g5 Nh5 12. a3 Rc8 13. Bh3 Rb8 14. f4 Nc4 15.
Qf2 Nxe3 16. Qxe3 Qb6 17. Rhe1 b4 18. Nd5 Bxd5 19. exd5 Rb7 20. f5 Qc5 21. Qb3
Nf4 22. Qa4+ Kd8 23. Nc6+ Kc7 24. Qxa6 b3 25. Rd2 Nxh3 26. Qa8 Kb6 27. Re3 Qb5
28. Rxb3 Qxb3 29. Qa5# 1-0

[Event "ENCI Limburg-open B"]
[Site "Maastricht"]
[Date "2009.05.31"]
[Round "5"]
[White "De Wit, Albert"]
[Black "Klein, Gernot"]
[Result "1/2-1/2"]
[WhiteElo "1792"]
[BlackElo "1891"]
[PlyCount "89"]
[EventDate "2009.05.29"]
[EventType "swiss"]
[EventRounds "7"]
[EventCountry "NED"]
[Source "P.Boonen"]
[SourceDate "2010.01.01"]

1. e4 c5 2. Ne2 e6 3. g3 Nc6 4. d3 Nf6 5. Bg2 Be7 6. O-O O-O 7. Nd2 Re8 8. f4
d6 9. Nf3 Qc7 10. h3 b5 11. g4 Rb8 12. Ng3 Nd4 13. Be3 Nxf3+ 14. Qxf3 Bb7 15.
g5 Nd7 16. f5 Ne5 17. Qf2 Bf8 18. f6 g6 19. Qe2 Nc6 20. h4 d5 21. Qf2 Bd6 22.
Ne2 Ne5 23. Bf4 dxe4 24. Bxe4 Bxe4 25. dxe4 c4 26. Bxe5 Bxe5 27. c3 Red8 28.
Nd4 Bg3 29. Qg2 Bxh4 30. Qg4 Bg3 31. Kg2 Be5 32. Rad1 Bxd4 33. cxd4 Qd6 34. Rh1
Qb4 35. Rxh7 Qxb2+ 36. Kf1 Rxd4 37. Rg7+ Kf8 38. Rh7 Rxd1+ 39. Qxd1 Kg8 40.
Rg7+ Kh8 41. Kg1 Qe5 42. Qg4 Qd4+ 43. Kg2 Qd2+ 44. Kg1 Qe1+ 45. Kg2 1/2-1/2

[Event "ENCI Limburg-open B"]
[Site "Maastricht"]
[Date "2009.05.31"]
[Round "5"]
[White "Ekat, Michael"]
[Black "Kuck, Ulrich"]
[Result "0-1"]
[WhiteElo "1930"]
[BlackElo "1937"]
[PlyCount "54"]
[EventDate "2009.05.29"]
[EventType "swiss"]
[EventRounds "7"]
[EventCountry "NED"]
[Source "P.Boonen"]
[SourceDate "2010.01.01"]

1. e4 d5 2. Nc3 d4 3. Nce2 c5 4. d3 g6 5. f4 Bg7 6. Nf3 Nc6 7. Ng3 e6 8. Be2
Nge7 9. O-O O-O 10. Qe1 a6 11. h4 f5 12. h5 b5 13. hxg6 hxg6 14. Ng5 Bf6 15.
Bf3 Bxg5 16. fxg5 Ra7 17. Bd2 f4 18. Ne2 e5 19. g3 Bh3 20. Bg2 Qc8 21. Rf3 Bg4
22. gxf4 Bxf3 23. Bxf3 exf4 24. Qh4 Ne5 25. Kg2 Nxf3 26. Kxf3 Nc6 27. Bxf4 Rh7
0-1

[Event "ENCI Limburg-open B"]
[Site "Maastricht"]
[Date "2009.05.31"]
[Round "5"]
[White "Falter, Lennart"]
[Black "Willen, Ronny"]
[Result "1-0"]
[WhiteElo "1829"]
[BlackElo "1903"]
[PlyCount "84"]
[EventDate "2009.05.29"]
[EventType "swiss"]
[EventRounds "7"]
[EventCountry "NED"]
[Source "P.Boonen"]
[SourceDate "2010.01.01"]

1. e4 c5 2. Nc3 Nc6 3. f4 e6 4. Nf3 d5 5. Bb5 a6 6. Bxc6+ bxc6 7. O-O Nf6 8. d3
Be7 9. Qe2 a5 10. b3 Ba6 11. Ne5 Qc7 12. Ba3 c4 13. Bxe7 cxd3 14. cxd3 Qxe7 15.
Rfc1 Rc8 16. Qe3 c5 17. Na4 c4 18. bxc4 dxe4 19. dxe4 O-O 20. c5 Rfd8 21. Rc3
Ne8 22. Rac1 f6 23. Nc4 Bb5 24. Ncb6 Rc7 25. Rb3 Bxa4 26. Nxa4 Qd7 27. Nb6 Qd2
28. Qxd2 Rxd2 29. a4 Rd4 30. Kf2 Nd6 31. c6 Rxe4 32. Rd3 Rxf4+ 33. Kg3 Rb4 34.
Na8 Nf5+ 35. Kf2 Rb2+ 36. Kf3 Rc8 37. c7 e5 38. Rd8+ Kf7 39. Rxc8 Nd4+ 40. Ke4
Re2+ 41. Kd5 Rd2 42. Rf8+ Kg6 1-0

[Event "ENCI Limburg-open B"]
[Site "Maastricht"]
[Date "2009.05.31"]
[Round "5"]
[White "Hauglustaine, Sander"]
[Black "Titgemeyer, Sven"]
[Result "1-0"]
[WhiteElo "1667"]
[BlackElo "1889"]
[PlyCount "63"]
[EventDate "2009.05.29"]
[EventType "swiss"]
[EventRounds "7"]
[EventCountry "NED"]
[Source "P.Boonen"]
[SourceDate "2010.01.01"]

1. e4 e5 2. Nf3 Nc6 3. Bb5 a6 4. Bxc6 dxc6 5. O-O Bg4 6. d3 Qf6 7. Be3 Ne7 8.
Nbd2 Ng6 9. h3 Bxf3 10. Qxf3 Nf4 11. Bxf4 exf4 12. e5 Qh6 13. Rfe1 O-O-O 14.
Qg4+ Kb8 15. Re4 g5 16. Nf3 Be7 17. e6 fxe6 18. Rae1 Qg7 19. Ne5 Qf6 20. Nc4
Bc5 21. Rxe6 Qd4 22. Qf3 h5 23. R1e4 Qg7 24. R4e5 Bd4 25. Rf5 Bxb2 26. Qe4 Qc3
27. Na5 Kc8 28. Re7 Qd4 29. Qe6+ Kb8 30. Rff7 Rc8 31. Qb3 Qa7 32. Nxc6+ 1-0

[Event "ENCI Limburg-open B"]
[Site "Maastricht"]
[Date "2009.05.31"]
[Round "5"]
[White "Heijenrath, Jan"]
[Black "Uckerman, John"]
[Result "1-0"]
[WhiteElo "1793"]
[BlackElo "1687"]
[PlyCount "53"]
[EventDate "2009.05.29"]
[EventType "swiss"]
[EventRounds "7"]
[EventCountry "NED"]
[Source "P.Boonen"]
[SourceDate "2010.01.01"]

1. e4 e5 2. Nf3 Nf6 3. Nxe5 d6 4. Nf3 Nxe4 5. d4 d5 6. Bd3 Bd6 7. O-O O-O 8. c4
c6 9. Nc3 Bg4 10. Nxe4 dxe4 11. Bxe4 f5 12. Bc2 Bxf3 13. Qxf3 Qh4 14. g3 Qxd4
15. Rd1 Qc5 16. Be3 Qb4 17. Bd4 Nd7 18. a3 Qa5 19. b4 Qc7 20. c5 Be5 21. Bxe5
Qxe5 22. Re1 Qf6 23. Rad1 Rad8 24. Rd6 Qg5 25. h4 Qg4 26. Qxg4 fxg4 27. Red1
1-0

[Event "ENCI Limburg-open B"]
[Site "Maastricht"]
[Date "2009.05.31"]
[Round "5"]
[White "Hendrickx, Arthur"]
[Black "Reenaers, Johan"]
[Result "1-0"]
[WhiteElo "1797"]
[BlackElo "1776"]
[PlyCount "57"]
[EventDate "2009.05.29"]
[EventType "swiss"]
[EventRounds "7"]
[EventCountry "NED"]
[Source "P.Boonen"]
[SourceDate "2010.01.01"]

1. e4 c6 2. f4 e5 3. Nf3 exf4 4. d4 g5 5. Bc4 d6 6. h4 Be7 7. hxg5 Bxg5 8. Nxg5
Qxg5 9. Qf3 Qg3+ 10. Qxg3 fxg3 11. O-O Be6 12. d5 cxd5 13. exd5 Bd7 14. Re1+
Kd8 15. Bf4 Kc7 16. Nc3 Nf6 17. Re7 Nh5 18. Rxf7 Nxf4 19. Rxf4 h5 20. Raf1 Na6
21. Rf7 Rad8 22. Nb5+ Kb8 23. Nxd6 Nc7 24. Rg7 Rhg8 25. Rxg8 Rxg8 26. Rf7 Be8
27. Rf3 a6 28. Nf5 h4 29. d6 1-0

[Event "ENCI Limburg-open B"]
[Site "Maastricht"]
[Date "2009.05.31"]
[Round "5"]
[White "Hendriks, Nicklas"]
[Black "Loose, Rob"]
[Result "0-1"]
[WhiteElo "1650"]
[BlackElo "1857"]
[PlyCount "80"]
[EventDate "2009.05.29"]
[EventType "swiss"]
[EventRounds "7"]
[EventCountry "NED"]
[Source "P.Boonen"]
[SourceDate "2010.01.01"]

1. e4 e5 2. Nf3 Nc6 3. Bb5 Nf6 4. O-O Bc5 5. c3 O-O 6. d4 Bb6 7. Bg5 d6 8. h3
h6 9. Bh4 g5 10. Nxg5 hxg5 11. Bxg5 Kg7 12. Bxc6 bxc6 13. f4 exd4 14. cxd4 Qe8
15. Bxf6+ Kxf6 16. e5+ Kg7 17. Kh1 Rh8 18. f5 dxe5 19. f6+ Kf8 20. Nd2 Bxd4 21.
Qb3 Qe6 22. Qg3 Qg4 23. Qa3+ c5 24. Nf3 Bb7 25. Kh2 Qf4+ 26. Kh1 Qe4 27. Qa5
Rh6 28. Qxc7 Rxf6 29. Rae1 Qc6 30. Qa5 Kg7 31. Qd2 Rh8 32. Kh2 Rg6 33. b3 Qd6
34. Kh1 Rg3 35. Qe2 Bxf3 36. Rxf3 Qg6 37. Ref1 Rxf3 38. Qxf3 e4 39. Qe2 Rh5 40.
Rf4 Rxh3+ 0-1

[Event "ENCI Limburg-open B"]
[Site "Maastricht"]
[Date "2009.05.31"]
[Round "5"]
[White "Henrichs, Wenke"]
[Black "Coenen, Bert"]
[Result "1-0"]
[WhiteElo "2033"]
[BlackElo "1782"]
[PlyCount "63"]
[EventDate "2009.05.29"]
[EventType "swiss"]
[EventRounds "7"]
[EventCountry "NED"]
[Source "P.Boonen"]
[SourceDate "2010.01.01"]

1. d4 Nf6 2. c4 e6 3. Nc3 d5 4. cxd5 exd5 5. Bg5 c6 6. e3 h6 7. Bh4 Nbd7 8. Bd3
Bd6 9. Qc2 Qc7 10. Rc1 a6 11. Nf3 O-O 12. O-O b6 13. Bg3 Bb7 14. Nh4 Bxg3 15.
fxg3 Rac8 16. Qf2 Qb8 17. Nf5 Rce8 18. h3 c5 19. g4 c4 20. Bb1 b5 21. Qh4 Re6
22. g5 hxg5 23. Qxg5 g6 24. Rf4 Nh7 25. Qh6 gxf5 26. Rg4+ Rg6 27. Bxf5 Kh8 28.
Bxg6 fxg6 29. Rxg6 Rg8 30. Rf1 Qe8 31. Re6 Qb8 32. Re7 1-0

[Event "ENCI Limburg-open B"]
[Site "Maastricht"]
[Date "2009.05.31"]
[Round "5"]
[White "Heuts, John"]
[Black "Hesselmann, Hans"]
[Result "1-0"]
[WhiteElo "1747"]
[BlackElo "1870"]
[PlyCount "115"]
[EventDate "2009.05.29"]
[EventType "swiss"]
[EventRounds "7"]
[EventCountry "NED"]
[Source "P.Boonen"]
[SourceDate "2010.01.01"]

1. c4 e5 2. Nc3 a6 3. Nf3 Nc6 4. g3 Nf6 5. Bg2 h6 6. d3 Bb4 7. Bd2 d6 8. O-O
Bxc3 9. Bxc3 O-O 10. b4 Qe7 11. Qc2 Bf5 12. Qb2 Bh7 13. a4 Nd8 14. b5 Nd7 15.
Nd2 c6 16. f4 f6 17. f5 c5 18. a5 Rb8 19. g4 Kh8 20. Be4 Rg8 21. Bd5 Rf8 22. e4
Nc6 23. Nf3 Nd4 24. Nh4 Qe8 25. Kf2 g5 26. Ng2 h5 27. h3 Kg7 28. Ne3 Rh8 29.
Rh1 Bg8 30. Rab1 Bxd5 31. Nxd5 axb5 32. cxb5 Qd8 33. b6 Nc6 34. Nc7 Nf8 35. Qa2
Qe7 36. a6 bxa6 37. Qxa6 Nd7 38. Nd5 Qf8 39. Qb5 Nxb6 40. Qxc6 Nxd5 41. Qxd5
hxg4 42. Rb7+ Rxb7 43. Qxb7+ Qf7 44. Qxf7+ Kxf7 45. Kg3 gxh3 46. Rxh3 Rb8 47.
Ba5 Rb3 48. Kg4 Ra3 49. Bd8 Kg7 50. Be7 Ra6 51. Kf3 Rc6 52. Rh2 Kf7 53. Bd8 Kg7
54. Ra2 d5 55. Ra7+ Kh6 56. Be7 dxe4+ 57. dxe4 c4 58. Bf8+ 1-0

[Event "ENCI Limburg-open B"]
[Site "Maastricht"]
[Date "2009.05.31"]
[Round "5"]
[White "Hollands, Maxim"]
[Black "Herzet, Serge"]
[Result "0-1"]
[WhiteElo "1748"]
[BlackElo "1851"]
[PlyCount "66"]
[EventDate "2009.05.29"]
[EventType "swiss"]
[EventRounds "7"]
[EventCountry "NED"]
[Source "P.Boonen"]
[SourceDate "2010.01.01"]

1. d4 d5 2. c4 e6 3. Nf3 Nf6 4. Bg5 Be7 5. Nc3 O-O 6. e3 Nbd7 7. Rc1 dxc4 8.
Bxc4 Nb6 9. Bb3 Bd7 10. O-O Rc8 11. Bxf6 Bxf6 12. Ne4 Be7 13. Ne5 c6 14. f4 Nd5
15. Qe2 Be8 16. g4 f6 17. Nd3 b6 18. f5 Bf7 19. Ng3 Bd6 20. e4 Nc7 21. Rxc6
Bxg3 22. hxg3 Qxd4+ 23. Kg2 exf5 24. Bxf7+ Rxf7 25. Rfc1 fxe4 26. Nf4 e3 27.
R1c4 Qd2 28. Kf3 g5 29. Rc2 Qd7 30. Qxe3 gxf4 31. Qxf4 Kg7 32. Qc4 b5 33. Qc3
Qd1+ 0-1

[Event "ENCI Limburg-open B"]
[Site "Maastricht"]
[Date "2009.05.31"]
[Round "5"]
[White "Holwijn, Melvin"]
[Black "Moog, Gerhard"]
[Result "1-0"]
[WhiteElo "2001"]
[BlackElo "1794"]
[PlyCount "131"]
[EventDate "2009.05.29"]
[EventType "swiss"]
[EventRounds "7"]
[EventCountry "NED"]
[Source "P.Boonen"]
[SourceDate "2010.01.01"]

1. d4 Nf6 2. c4 e6 3. Nf3 d5 4. Nc3 c6 5. cxd5 exd5 6. Bg5 Be7 7. e3 O-O 8. Bd3
h6 9. Bh4 Re8 10. O-O Ne4 11. Bxe7 Qxe7 12. Ne5 Nd7 13. Nxd7 Bxd7 14. Bxe4 dxe4
15. Qc2 Bg4 16. h3 Bh5 17. Na4 Rac8 18. Rac1 b6 19. Qd2 Qe6 20. b4 Red8 21. Nc3
f5 22. a4 Qg6 23. Ne2 Qd6 24. Ng3 Bg6 25. Ne2 Bf7 26. Ng3 g6 27. Ne2 c5 28.
bxc5 bxc5 29. Qa5 Qb6 30. Rxc5 Rxc5 31. Qxc5 Qxc5 32. dxc5 Rd2 33. Nd4 Ra2 34.
c6 Rxa4 35. Rb1 Rc4 36. Rb7 Bd5 37. Rc7 a5 38. Rc8+ Kf7 39. c7 Bb7 40. Rh8 a4
41. Nb5 Kg7 42. Rd8 a3 43. Rd7+ Kf6 44. Nxa3 Rc1+ 45. Kh2 Bc8 46. Rh7 Ba6 47.
h4 h5 48. Kg3 g5 49. Rh6+ Ke5 50. Rxa6 f4+ 51. Kh2 Rxc7 52. Ra5+ Ke6 53. Ra4
Kf5 54. hxg5 fxe3 55. fxe3 Rc3 56. Nc4 Kxg5 57. Kh3 Rc1 58. Nd6 Rh1+ 59. Kg3
h4+ 60. Kf2 h3 61. Nxe4+ Kg6 62. Ra6+ Kg7 63. gxh3 Rxh3 64. Ng5 Rh5 65. Nf3 Rb5
66. e4 1-0

[Event "ENCI Limburg-open B"]
[Site "Maastricht"]
[Date "2009.05.31"]
[Round "5"]
[White "Ibrahim, Ashraf"]
[Black "Broekhuis, Jan"]
[Result "1/2-1/2"]
[WhiteElo "1805"]
[BlackElo "1890"]
[PlyCount "116"]
[EventDate "2009.05.29"]
[EventType "swiss"]
[EventRounds "7"]
[EventCountry "NED"]
[Source "P.Boonen"]
[SourceDate "2010.01.01"]

1. d4 d5 2. c4 e6 3. Nc3 Nf6 4. Bg5 Nbd7 5. cxd5 exd5 6. Nf3 c6 7. e3 Be7 8.
Bd3 O-O 9. O-O Re8 10. Qc2 Nf8 11. a3 Bg4 12. Ne5 Be6 13. b4 a6 14. Rfb1 N6d7
15. Bxe7 Rxe7 16. Nxd7 Qxd7 17. a4 g5 18. b5 axb5 19. axb5 Rc8 20. Qb2 Bf5 21.
bxc6 bxc6 22. Bxf5 Qxf5 23. Qb4 Re6 24. Ne2 Rf6 25. Rf1 h5 26. Ng3 Qg6 27. Qb1
Ne6 28. Qxg6+ fxg6 29. Ra6 h4 30. Ne2 g4 31. Rc1 Nd8 32. Nf4 Rd6 33. Nd3 Kg7
34. Ne5 g3 35. hxg3 hxg3 36. f4 Rb8 37. Kf1 Rb2 38. Ra7+ Kf6 39. Rh7 Rf2+ 40.
Kg1 Re2 41. Rh3 g5 42. Rxg3 gxf4 43. exf4 Re4 44. Rg6+ Ke7 45. f5 Rxd4 46.
Nxc6+ Rxc6 47. Rcxc6 Nxc6 48. Rxc6 Rf4 49. Re6+ Kf7 50. Re5 d4 51. g3 Rg4 52.
Kf2 Kf6 53. Rd5 Rg5 54. Rxd4 Rxf5+ 55. Kg2 Kg5 56. Rd8 Ra5 57. Rg8+ Kf6 58. g4
Ra3 1/2-1/2

[Event "ENCI Limburg-open B"]
[Site "Maastricht"]
[Date "2009.05.31"]
[Round "5"]
[White "Ingelaere, Frederic"]
[Black "Bruls, Peter"]
[Result "0-1"]
[WhiteElo "1700"]
[BlackElo "1837"]
[PlyCount "43"]
[EventDate "2009.05.29"]
[EventType "swiss"]
[EventRounds "7"]
[EventCountry "NED"]
[Source "P.Boonen"]
[SourceDate "2010.01.01"]

1. e4 e6 2. d4 d5 3. Nc3 Bb4 4. e5 c5 5. a3 Bxc3+ 6. bxc3 Qc7 7. Qg4 Ne7 8.
Qxg7 Rg8 9. Qxh7 cxd4 10. Ne2 dxc3 11. f4 Nbc6 12. Qd3 Bd7 13. Nxc3 a6 14. Rb1
Na5 15. h3 Rc8 16. Bd2 Nc4 17. Rb3 Nc6 18. g4 N6a5 19. Rb4 Nxd2 20. Kxd2 Nc4+
21. Ke1 Nxa3 22. Nxd5 0-1